[Event "Let's Play Chess!"]
[Site "http://www.queenalice.com/game.php?id=469384"]
[Date "2008.9.28"]
[Round "-"]
[White "innokuo"]
[Black "egotistic"]
[Result "1-0"]
[WhiteElo "2112"]
[BlackElo "1804"]

1. e4 d6 2. d4 g6 3. Nc3 Bg7 4. Be3 Nd7 5. Bc4 e6 6. Nge2 Ngf6 7. f3 a6 8. a4
O-O 9. O-O e5 10. Qd2 Kh8 11. a5 Qe8 12. Bh6 c6 13. Bxg7+ Kxg7 14. Rae1 Nh5 15.
f4 exf4 16. Nxf4 1-0

[Event "Let's Play Chess!"]
[Site "http://www.queenalice.com/game.php?id=469385"]
[Date "2008.9.28"]
[Round "-"]
[White "BEBADO"]
[Black "innokuo"]
[Result "1/2-1/2"]
[WhiteElo "2096"]
[BlackElo "2113"]

1. d4 d5 2. c4 e6 3. Nc3 Nf6 4. Nf3 c6 5. e3 Nbd7 6. Qc2 Bd6 7. b3 O-O 8. Be2 e5
9. cxd5 cxd5 10. Nb5 Bb4+ 11. Bd2 Bxd2+ 12. Nxd2 exd4 13. Nxd4 Ne5 14. O-O Bd7
15. Rfd1 Rc8 16. Qb2 Qe7 17. N2f3 Rfe8 18. Nxe5 Qxe5 19. Rac1 a6 20. Rxc8 Rxc8
21. Bf3 Bg4 22. Qe2 Bxf3 23. Nxf3 Qc7 24. h3 h6 25. Nd4 Ne4 26. Qd3 g6 27. f3
Nc3 28. Rd2 Qa5 29. Ne2 Nxe2+ 30. Rxe2 Qc5 31. Rd2 1/2-1/2

[Event "Challenge"]
[Site "http://www.queenalice.com/game.php?id=472524"]
[Date "2008.10.3"]
[Round "-"]
[White "Andre251"]
[Black "innokuo"]
[Result "0-1"]
[WhiteElo "1750"]
[BlackElo "2129"]

1. d4 d5 2. Nc3 Nf6 3. Bg5 Nbd7 4. Bxf6 Nxf6 5. e3 e6 6. Bd3 c5 7. Nge2 c4 8.
Bxc4 dxc4 9. b3 cxb3 10. axb3 Bb4 11. Qd3 O-O 12. Ra4 a5 13. O-O Bd7 14. Raa1
Qc7 15. e4 Rac8 16. e5 Nd5 17. Ne4 f6 18. c4 Ne7 19. exf6 gxf6 20. Qf3 f5 21.
Ng5 Bd2 22. Qh5 Bxg5 23. Qxg5+ Ng6 24. g3 Rf7 25. Nf4 Rg7 26. Nh5 Rf7 27. Rfe1
Kh8 28. Kg2 Rg8 29. Nf6 Qd8 30. d5 Qxf6 31. Qxf6+ Rxf6 32. d6 b6 33. Kf1 e5 34.
c5 bxc5 35. Red1 Ra8 36. Rd5 Ra6 37. Rxc5 Rfxd6 38. Raxa5 Rxa5 39. Rxa5 Rb6 40.
Ra7 Bc6 41. Rf7 f4 42. g4 Rxb3 43. h4 f3 44. Kg1 Nxh4 45. Kh2 Ng6 46. g5 Rb7 47.
Rf6 Rc7 48. Re6 Kg7 49. Kg3 h6 50. Kg4 Bd7 51. gxh6+ Kxh6 52. Kf5 Rc6 53. Kf6
Rxe6+ 54. Kf5 e4 55. Kg4 Re5+ 56. Kg3 Rg5+ 57. Kh2 Nf4 58. Kh1 Ne2 59. Kh2 Rh5#
0-1

[Event "Let's Play Chess!"]
[Site "http://www.queenalice.com/game.php?id=482301"]
[Date "2008.10.25"]
[Round "-"]
[White "innokuo"]
[Black "JCOELHO"]
[Result "1-0"]
[WhiteElo "2130"]
[BlackElo "1864"]

1. e4 e5 2. Nf3 Nc6 3. Bc4 Nf6 4. d4 exd4 5. Ng5 d5 6. exd5 Nxd5 7. O-O Be7 8.
Nxf7 Kxf7 9. Qf3+ Ke8 10. Bxd5 Rf8 11. Bxc6+ Bd7 12. Bxd7+ Qxd7 13. Qxb7 Rd8 14.
Qe4 h5 15. Bg5 Rf7 16. Nd2 Kf8 17. Nf3 Qb5 18. Nxd4 Qxb2 19. Ne6+ Kg8 20. Nxd8
Bxd8 21. Bxd8 Rf8 22. Bxc7 Rc8 23. Qe6+ Kh7 24. Qxc8 Qxc2 25. Rfc1 Qa4 26. Qf5+
g6 27. Qf7+ Kh6 28. Bf4+ g5 29. Qf6+ Kh7 30. Rc7+ Kg8 31. Qg7# 1-0

[Event "Let's Play Chess!"]
[Site "http://www.queenalice.com/game.php?id=482302"]
[Date "2008.10.25"]
[Round "-"]
[White "luhosavi"]
[Black "innokuo"]
[Result "1/2-1/2"]
[WhiteElo "2183"]
[BlackElo "2138"]

1. e4 e5 2. Nf3 Nc6 3. d4 exd4 4. Bc4 Bc5 5. c3 Nf6 6. cxd4 Bb4+ 7. Bd2 Bxd2+ 8.
Nbxd2 d5 9. exd5 Nxd5 10. Qb3 Nce7 11. O-O O-O 12. Rfe1 c6 13. Ne4 Qc7 14. Nc3
Be6 15. Ng5 Qd7 16. Nxe6 fxe6 17. Re5 Ng6 18. Re4 b5 19. Bd3 Rf4 20. Rae1 Raf8
21. Rxe6 Rxf2 22. Nxd5 Qxd5 23. Qxd5 cxd5 24. Bxg6 hxg6 25. R6e2 R2f4 26. Rd1
Rc8 27. b3 a5 28. g3 Rf5 29. Rde1 Rc7 30. Re8+ Kh7 31. R8e5 a4 32. bxa4 bxa4 33.
R1e2 Rc4 34. Rd2 Rxd4 35. Rxd4 Rxe5 36. Rxa4 Re2 37. Kf1 Rc2 38. h4 d4 39. Rxd4
1/2-1/2

[Event "Challenge"]
[Site "http://www.queenalice.com/game.php?id=482437"]
[Date "2008.10.24"]
[Round "-"]
[White "STALKER"]
[Black "innokuo"]
[Result "0-1"]
[WhiteElo "1100"]
[BlackElo "2116"]

1. e4 e5 2. Bc4 Nc6 3. Nc3 Nf6 4. Nf3 Nxe4 5. Nxe4 d5 6. Bd3 dxe4 7. Bxe4 Bd6 8.
c4 Bd7 9. Bxc6 Bxc6 10. b3 O-O 11. O-O Qf6 12. a4 e4 13. Ne1 Qxa1 14. Nc2 Qe5
15. f4 exf3 16. gxf3 Qxh2# 0-1

[Event "Let's Play Chess!"]
[Site "http://www.queenalice.com/game.php?id=483530"]
[Date "2008.10.27"]
[Round "-"]
[White "innokuo"]
[Black "RenanReis"]
[Result "0-1"]
[WhiteElo "2054"]
[BlackElo "2020"]

1. e4 c5 2. d4 cxd4 3. c3 Nf6 4. e5 Nd5 5. cxd4 d6 6. Nf3 e6 7. Bc4 Nb6 8. Bb3
Nc6 9. Nc3 dxe5 10. dxe5 Qxd1+ 11. Bxd1 Bb4 12. O-O Bxc3 13. bxc3 Bd7 14. Bb3
O-O-O 15. Bg5 Rde8 16. Rfd1 Na5 17. Rd6 h6 18. Be3 Nac4 19. Bxc4 Nxc4 20. Rdd1
Nxe3 21. fxe3 Rd8 22. Nd4 Kb8 23. a4 Rc8 24. Nf5 exf5 25. Rxd7 Rc7 26. Rad1 a6
27. Kf2 Re8 28. Rd8+ Rxd8 29. Rxd8+ Ka7 30. Rg8 g6 31. Rg7 Re7 32. Kf3 Kb6 33.
e6 Rxe6 34. Rxf7 Rc6 0-1

[Event "Let's Play Chess!"]
[Site "http://www.queenalice.com/game.php?id=483531"]
[Date "2008.10.27"]
[Round "-"]
[White "Donidon"]
[Black "innokuo"]
[Result "1-0"]
[WhiteElo "2295"]
[BlackElo "2146"]

1. e4 e5 2. f4 exf4 3. Nf3 d6 4. d4 g5 5. h4 g4 6. Ng1 f3 7. gxf3 Be7 8. Be3
Bxh4+ 9. Kd2 Nc6 10. Nc3 a6 11. Kc1 Bf6 12. Nd5 Bg7 13. fxg4 Nge7 14. Bg5 Qd7
15. Nf6+ Bxf6 16. Bxf6 Rg8 17. g5 Qg4 18. Qxg4 Bxg4 19. Rxh7 d5 20. Bg2 dxe4 21.
Bxe4 Rf8 22. d5 O-O-O 23. Rh4 Bf5 24. dxc6 1-0

[Event "Let's Play Chess!"]
[Site "http://www.queenalice.com/game.php?id=483654"]
[Date "2008.10.27"]
[Round "-"]
[White "innokuo"]
[Black "Munhoz"]
[Result "1-0"]
[WhiteElo "2141"]
[BlackElo "1896"]

1. e4 e5 2. Nf3 Nf6 3. d4 exd4 4. e5 Ng8 5. Qxd4 Nc6 6. Qa4 f6 7. exf6 Nxf6 8.
Be2 Bb4+ 9. c3 Bc5 10. O-O Qe7 11. Bd3 Ne5 12. Nxe5 Qxe5 13. Bf4 Qd5 14. Re1+
Kf8 15. Be3 Bd6 16. Be2 Qe5 17. g3 Bc5 18. Bf3 d6 19. Nd2 Bxe3 20. Rxe3 Qg5 21.
Rae1 g6 22. Re8+ Nxe8 23. Rxe8+ Kg7 24. Qd4+ Kh6 25. Rxh8 Qe7 26. Qe3+ Qg5 27.
Rxh7+ 1-0

[Event "Challenge"]
[Site "http://www.queenalice.com/game.php?id=486611"]
[Date "2008.11.1"]
[Round "-"]
[White "innokuo"]
[Black "solo"]
[Result "1-0"]
[WhiteElo "2134"]
[BlackElo "1659"]

1. e4 e5 2. Nf3 d6 3. d4 exd4 4. Nxd4 a6 5. Nc3 c6 6. a4 c5 7. Nb3 Be6 8. Nd5
Ne7 9. c4 Nbc6 10. Be2 h6 11. O-O Bxd5 12. exd5 Ne5 13. Bf4 N7g6 14. Bg3 Be7 15.
Qd2 Bg5 16. f4 Bh4 17. Bxh4 Nxh4 18. fxe5 dxe5 19. Qe3 Qd6 20. Nxc5 b6 21. Ne4
Qb8 22. Qf2 O-O 23. Qxh4 Qd8 24. Qh5 Ra7 25. Bd3 f6 26. Qg6 Qe8 27. Nxf6+ Rxf6
28. Qxe8+ Rf8 29. Rxf8# 1-0

[Event "Let's Play Chess!"]
[Site "http://www.queenalice.com/game.php?id=488456"]
[Date "2008.11.6"]
[Round "-"]
[White "innokuo"]
[Black "BEBADO"]
[Result "1/2-1/2"]
[WhiteElo "2119"]
[BlackElo "2210"]

1. e4 e6 2. d4 c5 3. Nf3 cxd4 4. c3 Nf6 5. e5 Nd5 6. cxd4 d6 7. Bc4 Nc6 8. Bxd5
exd5 9. Nc3 Be6 10. O-O Be7 11. Bf4 O-O 12. Qd2 Rc8 13. Rac1 Qd7 14. exd6 Bxd6
15. Bxd6 Qxd6 16. Rfe1 h6 17. Ne5 Nxe5 18. dxe5 Qd7 19. b3 Rc7 20. Ne2 Rfc8 21.
Nd4 Rc5 22. f4 Rxc1 23. Rxc1 Rxc1+ 24. Qxc1 a6 25. Qc2 g6 26. h3 Qc8 27. Qd2 Qc5
28. Kh2 Kg7 29. Qd3 b5 30. f5 gxf5 31. Nxf5+ Bxf5 32. Qxf5 d4 33. Qf6+ Kg8 34.
Qd6 Qc3 35. Qxh6 d3 36. Qg5+ Kf8 37. Qd8+ 1/2-1/2

[Event "Let's Play Chess!"]
[Site "http://www.queenalice.com/game.php?id=488457"]
[Date "2008.11.5"]
[Round "-"]
[White "razoman"]
[Black "innokuo"]
[Result "0-1"]
[WhiteElo "1924"]
[BlackElo "2135"]

1. e4 e5 2. Nf3 Nc6 3. d4 exd4 4. Nxd4 Nf6 5. Nxc6 bxc6 6. Bd3 d5 7. e5 Qe7 8.
f4 Qe6 9. O-O Bc5+ 10. Kh1 Ne4 11. Bxe4 dxe4 12. Nc3 Ba6 13. Nxe4 Rd8 14. Qxd8+
Kxd8 15. Rd1+ Kc8 16. Nxc5 Qc4 17. Be3 Rd8 18. Rxd8+ Kxd8 19. Nxa6 Qxa6 20. Rd1+
Ke7 21. a3 Qe2 22. Bc5+ Ke6 23. Rd8 Qxc2 24. g4 Qxc5 0-1

[Event "Challenge"]
[Site "http://www.queenalice.com/game.php?id=489205"]
[Date "2008.11.7"]
[Round "-"]
[White "I_BOSS_BO"]
[Black "innokuo"]
[Result "0-1"]
[WhiteElo "1083"]
[BlackElo "2139"]

1. e3 d5 2. d4 e6 3. b3 Nf6 4. c4 dxc4 5. bxc4 c5 6. Qa4+ Nc6 7. Ba3 Bd7 8. d5
exd5 9. cxd5 Ne5 10. Qb3 Bd6 11. Nd2 b5 12. Bxb5 O-O 13. Be2 Rb8 14. Qc3 Nxd5
15. Qc2 Qa5 16. O-O-O Qxa3+ 17. Qb2 Qxb2# 0-1

[Event "Let's Play Chess!"]
[Site "http://www.queenalice.com/game.php?id=489609"]
[Date "2008.11.10"]
[Round "-"]
[White "innokuo"]
[Black "BogusBogart"]
[Result "0-1"]
[WhiteElo "2111"]
[BlackElo "2137"]

1. e4 e5 2. Nf3 Nc6 3. Bc4 Nf6 4. d4 exd4 5. Ng5 d5 6. exd5 Qe7+ 7. Kf1 Ne5 8.
Qxd4 Nxc4 9. Qxc4 Qc5 10. Qxc5 Bxc5 11. Nc3 Bf5 12. Be3 Bxe3 13. fxe3 Bxc2 14.
Rc1 Bd3+ 15. Kf2 h6 16. Nf3 O-O 17. Rhd1 Ba6 18. h3 Rfe8 19. b4 Ne4+ 20. Nxe4
Rxe4 21. a3 Rae8 22. Rxc7 Rxe3 23. d6 Re2+ 24. Kg3 Kf8 25. d7 Rd8 26. Nd4 Re5
27. Kf4 Rd5 28. Ke4 R5xd7 29. Ne6+ Ke7 30. Rdxd7+ Rxd7 31. Rxd7+ Kxd7 32. Nxg7
Bf1 33. Kf3 Bd3 34. Nh5 Kd6 35. Nf4 Bg6 36. g4 Ke5 37. Ke3 Bc2 38. Ng2 f5 39.
gxf5 Bxf5 40. h4 Be4 41. Nf4 Kf5 42. Nh3 Bc6 43. Nf2 h5 44. Nh3 Kg4 45. Ng5 Kxh4
46. Kf4 a6 47. Ne6 Kh3 48. Nd4 Kg2 49. Nf5 Kf2 0-1

[Event "Let's Play Chess!"]
[Site "http://www.queenalice.com/game.php?id=490929"]
[Date "2008.11.10"]
[Round "-"]
[White "BEBADO"]
[Black "innokuo"]
[Result "1-0"]
[WhiteElo "2209"]
[BlackElo "2129"]

1. Nf3 d5 2. d4 e6 3. c4 Nf6 4. Nc3 c6 5. e3 Nbd7 6. Qc2 Bb4 7. Bd2 O-O 8. Bd3
h6 9. O-O dxc4 10. Bxc4 b5 11. Bd3 Bb7 12. Ne4 Nd5 13. a3 Bxd2 14. Qxd2 Qe7 15.
Rac1 Rac8 16. Nc5 Nxc5 17. Rxc5 f6 18. Rfc1 Nb6 19. Bb1 Rfd8 20. Qc2 f5 21. Ba2
Kh8 22. Ne5 Qf6 23. Qe2 Na4 24. R5c2 a6 25. b4 Rd6 26. Qh5 Kh7 27. Qf7 Qxf7 28.
Nxf7 1-0

[Event "Let's Play Chess!"]
[Site "http://www.queenalice.com/game.php?id=491247"]
[Date "2008.11.10"]
[Round "-"]
[White "innokuo"]
[Black "BEBADO"]
[Result "0-1"]
[WhiteElo "2122"]
[BlackElo "2196"]

1. e4 d5 2. exd5 Nf6 3. d4 Nxd5 4. Nf3 g6 5. c4 Nb6 6. Nc3 Bg7 7. Be3 O-O 8. Be2
Nc6 9. O-O Bg4 10. d5 Bxf3 11. Bxf3 Ne5 12. Bxb6 Nxf3+ 13. Qxf3 axb6 14. a3 Qd7
15. Rab1 Rfd8 16. Rfe1 c6 17. Rbd1 Bxc3 18. Qxc3 b5 19. cxb5 cxd5 20. Qb4 e6 21.
Rd4 Rdc8 22. h3 Qc7 23. Re3 Qc5 24. Rc3 Qxb4 25. Rxc8+ Rxc8 26. Rxb4 Kf8 27. Kf1
Ke7 28. Ke2 Rc2+ 29. Ke3 Kd6 30. g3 e5 31. b6 d4+ 0-1

[Event "Let's Play Chess!"]
[Site "http://www.queenalice.com/game.php?id=493217"]
[Date "2008.11.15"]
[Round "-"]
[White "MalucoO"]
[Black "innokuo"]
[Result "1/2-1/2"]
[WhiteElo "2013"]
[BlackElo "2112"]

1. b4 d5 2. Bb2 e6 3. e3 Nf6 4. b5 c6 5. a4 Bd7 6. Nf3 Bd6 7. d4 cxb5 8. axb5
Qb6 9. Ba3 O-O 10. Bxd6 Qxd6 11. Nbd2 a6 12. c4 dxc4 13. Bxc4 Qb6 14. bxa6 bxa6
15. O-O Nc6 16. Qe2 a5 17. Rfb1 Qc7 18. Bd3 e5 19. dxe5 Nxe5 20. Nxe5 Qxe5 21.
Nc4 Qc7 22. Rc1 Rfc8 23. g3 Be6 24. e4 Qc5 25. Kg2 Bxc4 26. Rxc4 Qe5 27. Rxc8+
Rxc8 28. Ra2 g6 29. f3 Rc1 30. Qd2 Ra1 31. Bc4 Kg7 32. Rxa1 Qxa1 33. Qa2 Qxa2+
34. Bxa2 Nd7 35. Kf2 1/2-1/2

[Event "2200"]
[Site "http://www.queenalice.com/game.php?id=493713"]
[Date "2008.11.15"]
[Round "-"]
[White "innokuo"]
[Black "phystutordotcom"]
[Result "0-1"]
[WhiteElo "2077"]
[BlackElo "1906"]

1. e4 g6 2. d4 Bg7 3. Nf3 d6 4. Nc3 Nd7 5. Bc4 e5 6. O-O Ngf6 7. Bg5 h6 8. Bh4
O-O 9. Qe2 c6 10. a4 Qe8 11. dxe5 Nxe5 12. Nxe5 dxe5 13. h3 Be6 14. Rad1 Bxc4
15. Qxc4 Rd8 16. Rxd8 Qxd8 17. Rd1 Qe7 18. b4 Rd8 19. Rxd8+ Qxd8 20. b5 Qd4 21.
Qxd4 exd4 22. bxc6 bxc6 23. Bxf6 Bxf6 24. Ne2 Kf8 25. f4 c5 26. e5 Be7 27. Kf2
Ke8 28. Kf3 Kd7 29. Ke4 Ke6 30. c3 dxc3 31. Nxc3 Bd8 32. g4 Ba5 33. f5+ Kd7 34.
fxg6 fxg6 35. Nb5 a6 36. Nd6 Kc6 37. Nc4 Bc7 38. h4 h5 0-1

[Event "Latex Solar Beef"]
[Site "http://www.queenalice.com/game.php?id=493900"]
[Date "2008.11.15"]
[Round "-"]
[White "decimator"]
[Black "innokuo"]
[Result "1-0"]
[WhiteElo "2170"]
[BlackElo "2140"]

1. d4 d5 2. c4 e6 3. Nf3 Nf6 4. Nc3 Nbd7 5. c5 c6 6. Bg5 Be7 7. e3 O-O 8. Bd3 h6
9. Bxf6 Bxf6 10. O-O e5 11. Bc2 b6 12. b4 Ba6 13. b5 cxb5 14. Nxd5 bxc5 15. dxc5
Nxc5 16. Nb4 Bb7 17. Rc1 a5 18. Bf5 e4 19. Rxc5 exf3 20. Nc6 Bxc6 21. Rxc6 fxg2
22. Kxg2 Qe7 23. Qd6 Qxd6 24. Rxd6 Rfd8 25. Rfd1 Rxd6 26. Rxd6 Rd8 27. Ra6 Bc3
28. Ra7 g6 29. Bg4 h5 30. Bd7 Rb8 31. Bc6 Rb6 32. Bd5 Rf6 33. Rb7 b4 34. Bb3 Rf5
35. f4 Bd2 36. Kf3 Kf8 37. Rd7 Bc1 38. Rc7 Bd2 39. Bc2 Rf6 40. Rc5 Re6 41. e4
Ra6 42. Ba4 Rf6 43. f5 Kg7 44. Bb3 Ra6 45. Rc7 Rf6 46. Ra7 gxf5 47. e5 Rc6 48.
e6 Rc3+ 49. Kg2 Kf8 50. e7+ Ke8 51. Ba4+ 1-0

[Event "Xadrez 38"]
[Site "http://www.queenalice.com/game.php?id=498286"]
[Date "2008.11.25"]
[Round "-"]
[White "filipe_pinheiro"]
[Black "innokuo"]
[Result "1-0"]
[WhiteElo "2155"]
[BlackElo "2037"]

1. d4 d5 2. c4 e6 3. Nc3 Nf6 4. Nf3 c6 5. e3 Nbd7 6. Qc2 Qa5 7. Bd2 dxc4 8. Bxc4
Qc7 9. e4 Be7 10. Bd3 e5 11. dxe5 Nxe5 12. Nxe5 Qxe5 13. O-O-O O-O 14. f4 Qh5
15. h3 Qc5 16. e5 Nd5 17. Bxh7+ Kh8 18. Nxd5 Qxc2+ 19. Bxc2 cxd5 20. Bc3 1-0

[Event "Challenge"]
[Site "http://www.queenalice.com/game.php?id=519532"]
[Date "2009.1.9"]
[Round "-"]
[White "innokuo"]
[Black "no_master"]
[Result "0-1"]
[WhiteElo "2100"]
[BlackElo "2314"]

1. e4 e6 2. d4 d5 3. Nd2 c5 4. exd5 exd5 5. Ngf3 Nc6 6. Bb5 Bd6 7. O-O cxd4 8.
Nb3 Ne7 9. Nbxd4 O-O 10. Bg5 f6 11. Be3 Ne5 0-1